000 00817nam a2200229 i 4500
001 151677
003 ES-MaACL
005 20251002204040.0
008 931025s1864 fr |||| | fre d
100 1 _aBarot, Odysse (
_d1830-1907)
_925788
245 1 0 _aLettres sur la philosophie de l'histoire /
_cpar Odysse-Barot.
260 _aParis[etc.] :
_bGermer Baillière[etc.],
_c1864 (
_fE. Martinet)
300 _a242, 16 p. ;
_c19 cm.
490 1 _aBibliothèque de philosophie contemporaine
594 1 _a"Lettres à Émile de Girardin"
597 1 _aSignaturizado.
650 0 7 _aFilosofía
_2embne
_912802
700 1 _aGirardin, Émile de,
_d1806-1881
_957233
830 0 _aBibliothèque de philosophie contemporaine
_9181027
852 _aES-MaACL
_jF-11761
_z-- Enc. pasta española
999 _c151677
_d151677